| 000 | 01174cam a22002054a 4500 | ||
|---|---|---|---|
| 005 | 20250605163928.0 | ||
| 008 | 250528s ||||||||||||||||||||||||d | ||
| 035 | _a14591 | ||
| 020 | _a805810374 | ||
| 040 |
_aGR-AtMCL _bgre _dGR-AtMCL _eAACR2 |
||
| 245 | 1 | _aA Handbook for Data Analysis in the Behavioral Sciences / Methodological Issues | |
| 260 |
_bLawrence Erlbaum Associates, Publishers, _c1993 |
||
| 300 | _a580 | ||
| 520 | _aPreface, Models and Measurement, Mathematical Models in Psychology, What Is and Isn't Measurement, Multidimensional Scaling, Methological Issues, Rational Appraisal of Psychology Research and the Good-Enough Principle, Between or Within-Subjects Design: A Methodological Dillema, Intuitive Statistics, Belief in the Law of Small Numbers, The Perception of Randomness, On Generating Random Sequences, Hypothesis Testing and Power and Effect Size, How Significant is ''Significance'', Effect Size, The Relative Power of Parametric and Nonparametric Statistical Methods, Cumulating Evidence, Author and Subject Index. | ||
| 700 | 1 |
_aKeren Gideon _9313 |
|
| 700 | 1 |
_aLewis Charles _9314 |
|
| 942 | _cBK | ||
| 999 |
_c215 _d215 |
||